000 00547nam a2200181Ia 4500
003 GCL
008 140319s9999 xx 000 0 ara d
040 _aGCL /
_cGCL
082 0 4 _a811.9
_bا م
100 1 _aاحمد فؤاد نجم
245 1 0 _aمصر : عشر قصائد جديدة /
_cاحمد فؤاد نجم
260 _aالقاهرة :
_bمكتبة مدبولى
300 _a143 ص ؛
_c20 سم
490 _a
650 0 4 _aالادب العربى
650 0 4 _aالشعر العربى - العصر الحديث
942 _2ddc
_cBK
999 _c38070
_d38070